Statistics for Countries On The 49 ° Parallel North

Click here to take the quiz!

General Stats

  • This quiz has been taken 16 times
  • The average score is 11 of 12

Answer Stats

Answer% Correct
France
100%
Germany
100%
Russia
100%
China
100%
Mongolia
100%
USA
100%
Slovakia
93%
Canada
93%
Czech Republic
87%
Ukraine
87%
Kazakhstan
87%
Austria
80%

Score Distribution

Percentile by Number Answered

Percent of People with Each Score

Your Score History

You have not taken this quiz